000 00298nam a22001337a 4500
008 170227b xxu||||| |||| 00| 0 eng d
020 _a9780879017118
041 _aeng
080 _22ND
_a577
100 _a5
101 _aSHMB
245 _aPRINCIPLES OF BIOCHEMISTRY
_cLEHNINGER
942 _2udc
_cBK
999 _c6366
_d6366